[Event "Medellin de La Raza U2000 op"]
[Site "Medellin"]
[Date "2023.10.12"]
[Round "1"]
[White "Arias Atehortua, Juan Esteban"]
[Black "Parra Beltran, Kevin Daniel"]
[Result "1-0"]
[WhiteElo "1581"]
[BlackElo "1591"]
[PlyCount "67"]
[EventDate "2023.10.12"]
[EventType "swiss"]
[EventRounds "9"]
[EventCountry "COL"]
[SourceTitle "Mega2024 Update 01"]
[Source "Chessbase"]
[SourceDate "2023.11.12"]
[SourceVersion "1"]
[SourceVersionDate "2023.11.12"]
[SourceQuality "1"]

1. e4 d5 2. exd5 Qxd5 3. Nc3 Qd6 4. Nf3 Bg4 5. Be2 Nf6 6. d4 a6 7. 0-0 Nc6 8. Be3 0-0-0 9. Ng5 Be6 10. Nxe6 fxe6 11. Bg4 h5 12. Bh3 Kb8 13. Qf3 Ng4 14. Bxg4 hxg4 15. Qg3 Qxg3 16. fxg3 g6 17. Ne2 Bh6 18. Bf2 e5 19. Rad1 exd4 20. Nxd4 Nb4 21. a3 Nd5 22. Rfe1 e5 23. Ne6 Rde8 24. Rxe5 c6 25. Ree1 Re7 26. Bc5 Be3+ 27. Bxe3 Nxe3 28. Rxe3 Rhe8 29. Rde1 Kc8 30. Re4 b6 31. Ng5 Kd7 32. Rxe7+ Rxe7 33. Rxe7+ Kxe7 34. Kf2 1-0